| 000 | 00489nam a2200181Ia 4500 | ||
|---|---|---|---|
| 001 | 18222 | ||
| 005 | 20260306171615.0 | ||
| 008 | 260306s9999||||xx |||||||||||||| ||und|| | ||
| 041 | _aESP | ||
| 082 |
_a658.4012 _bW53 |
||
| 100 |
_aWheelen, Thomas L. _eAUT |
||
| 245 | 0 |
_aConcepts in strategic management and business policy: _bToward global sustainability |
|
| 260 | _c2012 | ||
| 300 |
_axxiv : 391 páginas : _c25 cm. |
||
| 650 | _aGEN | ||
| 654 | _aCAN | ||
| 942 |
_cLIB _dJUS _fJUS _2ddc _n |
||
| 999 |
_c18222 _d18222 |
||